Arts de la piste (Record no. 112323)

MARC details
000 -CABECERA
campo de control de longitud fija 00834nas a2200289 a 4500
001 - NÚMERO DE CONTROL
campo de control vtls002202505
003 - IDENTIFICADOR DEL NÚMERO DE CONTROL
campo de control ES-BaIT
005 - FECHA Y HORA DE LA ÚLTIMA TRANSACCIÓN
campo de control 20210813203833.0
007 - CAMPO FIJO DE DESCRIPCIÓN FÍSICA--INFORMACIÓN GENERAL
campo de control de longitud fija t|
008 - DATOS DE LONGITUD FIJA--INFORMACIÓN GENERAL
campo de control de longitud fija 020809d19962006fr |||||| ||||0 ||fre |
010 ## - NÚMERO DE CONTROL DE LA BIBLIOTECA DEL CONGRESO
Número de control de LC 2202505
022 ## - NÚMERO INTERNACIONAL NORMALIZADO PARA PUBLICACIONES SERIADAS
Número Internacional Normalizado para Publicaciones Seriadas 1269-0120
035 ## - NÚMERO DE CONTROL DEL SISTEMA
Número de control de sistema 2202-50560
-- ES-BaIT035
039 #9 - NIVEL DE CONTROL BIBLIOGRÁFICO Y DETALLES DE CODIFICACIÓN [OBSOLETO]
Nivel de reglas en descripción bibliográfica 201403080708
Nivel de esfuerzo utilizado para asignar no-encabezamientos de materia en puntos de acceso VLOAD
Nivel de esfuerzo utilizado en la asignación de encabezamientos de materia 201303100028
Nivel de esfuerzo utilizado para asignar clasificación VLOAD
-- 201110060137
-- VLOAD
080 ## - NÚMERO DE LA CLASIFICACIÓN DECIMAL UNIVERSAL
Número de la Clasificación Decimal Universal 791.8(05)
245 00 - MENCIÓN DE TÍTULO
Título Arts de la piste
260 ## - PUBLICACIÓN, DISTRIBUCIÓN, ETC.
Lugar de publicación, distribución, etc. Paris :
Nombre del editor, distribuidor, etc. Hors de la piste,
Fecha de publicación, distribución, etc. 1996-2006
300 ## - DESCRIPCIÓN FÍSICA
Otras características físicas Il.;
Dimensiones 29 cm
310 ## - PERIODICIDAD ACTUAL
Periodicidad actual Trimestral
362 0# - FECHAS DE PUBLICACIÓN Y/O DESIGNACIÓN SECUENCIAL
Fecha de publicación y/o designación secuencial No 1 (1996, 1er trimestre)- No 38 (2006, 1er trimestre)
500 ## - NOTA GENERAL
Nota general Descripció feta a partir del número 25, de juliol de 2002
590 ## - NOTA LOCAL (RLIN)
Nota local 2202-50560
650 04 - PUNTO DE ACCESO ADICIONAL DE MATERIA--TÉRMINO DE MATERIA
Término de materia o nombre geográfico como elemento de entrada Circ
Subdivisión geográfica França
Subdivisión general Revistes
9 (RLIN) 112264
650 04 - PUNTO DE ACCESO ADICIONAL DE MATERIA--TÉRMINO DE MATERIA
Término de materia o nombre geográfico como elemento de entrada Circ
Subdivisión general Revistes
9 (RLIN) 71555
940 ## - EQUIVALENCIA O REFERENCIA-CRUZADA--TÍTULO UNIFORME [OBSOLETO] [solamente CAN/MARC]
Título uniforme <a href="IT">IT</a>
942 ## - ELEMENTOS DE ENTRADA AGREGADA (KOHA)
Tipo de ítem Koha Revista

No items available.

Powered by Koha